Album - Illuminate (Deluxe) by Shawn Mendes - Statistics

General Stats
  • This quiz has been taken 11 times
  • The average score is 10 of 15
Answer Stats
Songs % Correct
3 Mercy
89%
15 Roses
89%
8 No Promises
78%
2 Ruin
78%
5 Three Empty Words
78%
4 Treat You Better
78%
13 Understand
78%
1 There's Nothing Holding Me Back
67%
12 Bad Reputation
56%
14 Hold On
56%
10 Honest
56%
9 Lights On
56%
11 Patience
56%
6 Don't Be A Fool
44%
7 Like This
44%
No matching quizzes found
Score Distribution
Percent of People with Each Score
Percentile by Number Answered
Your Score History
You have not taken this quiz